Регионална библиотека "Любен Каравелов" - Русе

Избрани стихотворения (Запис номер 122187)

MARC детайли
000 -Лидер
Контролно поле с фиксирана дължина 01460nam a2200337 c 4500
003 - Код на организацията, давaща контролен номер
Контролно поле BLK
005 - Дата и час на последна редакция
Контролно поле 20241206005451.0
008 - Елементи от данни с фиксирана дължина
fixed length control field 180409b bul|||||r ||||||| ||bul||
010 ## - Наследен системен номер
LC control number KNG00127822000
040 ## - Източник на каталожния запис
Идентификатор на билиотеката - собственик на записа BLK
041 ## - Код за език
Код за езика на текст/звукозапис или на отделно заглавие Български
Код за езика КДБФ Български
080 ## - УДК
Текстов определител УДК Българска литература
УДК код - определител по УДК 821.163.2
УДК определител -1(081.2)
УДК - код + определител 821.163.2-1(081.2)
100 ## - Редна дума - Автор
Автор Багряна, Елисавета
Дати, свързани с автора 1893-1991
Пълна форма на името Белчева, Елисавета Любомирова
R(LIN) 364149
139 ## - Редно поле
Редна дума Багряна, Елисавета
Авторски знак Баг - Б 13
245 10 - Сведения за заглавието
Заглавие Избрани стихотворения
Подзаглавни данни В 3 т.
Редно поле (дума) Елисавета Багряна; * Елисавета Любомирова Белчева.
Том Т. 2
Заглавие на том Мост
257 ## - Страна на издаване
Страна на създаване/издаване България
260 ## - Област на издателските данни
-- София
Име на издателя, разпространителя и проч. Бълг. писател
Година на издаване 1988 -
300 ## - Физическа характеристика
Размери/Мащаб 20 см
380 ## - Жанр
Жанр Худож. лит.
500 ## - Общи забележки
Забележка Истинското име на авт. е Елисавета Любомирова Белчева. - 3 112 тир.
505 ## - Форматирана забележка
Подзаглавни данни
Авторската отговорност
Заглавие Пет звезди
505 ## - Форматирана забележка
Подзаглавни данни
Авторската отговорност
Заглавие От бряг до бряг
700 ## - Други автори (авторска отговорност)
Лично име Белчева, Елисавета Любомирова
9 (RLIN) 269418
760 1# - Описание на основната серия
Редна дума на основното описание Багряна, Елисавета
Място на издаване, издател и година 1988
Страници - том 216 с. : с портр.
Заглавие Т. 2 Мост
852 ## - Местоположение
Форматна сигнатура Цб 153069
856 4# - Електронен адрес и достъп
Електронен формат pdf - файл
Път до файла /url/
856 4# - Електронен адрес и достъп
Електронен формат pdf - файл
Път до файла /url/
942 ## - АРТИКУЛИ
Вид на библиотечния материал Книги
Скрит в OPAC Не
944 ## - СЪЗДАВАНЕ И РЕДАКЦИЯ на ЗАПИСА
Създаване/Редакция Създаване
Дата на регистрацията/редакция 23.02.2012
Статус, дата на статуса CRON CRON
Служител, извършил регистрацията/редакцията
944 ## - СЪЗДАВАНЕ И РЕДАКЦИЯ на ЗАПИСА
Създаване/Редакция Редакция
Дата на регистрацията/редакция 23.02.2012
Статус, дата на статуса 23.02.2012 - от С1,Р / 23.02.2012
Служител, извършил регистрацията/редакцията
999 ## - СИСТЕМНИ КОНТРОЛНИ НОМЕРА
Koha biblionumber 122187
Koha biblioitemnumber 122187
Наличности
Код за отписване Код за изгубен артикул Източник на класификационната схема Код за повреда Коз за рестрикции Код за отдаване Артикулен № Име на библиотеката - собственик Име на библиотеката, в която се намира в момента Статус (Текущо местоположение) Дата на вписване в системата Местоположение - отдел Цена в лева Инвентарен номер Систематично азбучна сигнатура Баркод Номер на екземпляра Цена в евро Служебна бележка Служебен тип на артикула
  Не е изгубен Universal Decimal Classification Не е повреден без рестрикции ползва се в читалня 197589 Регионална библиотека "Любен Каравелов" Русе Регионална библиотека "Любен Каравелов" Русе Хранилище 1988-01-01 Хранилище 1.36 503133 Цб 153069 120000503133 1 0.70 N: стар фонд Дата: 01.01.1988 Книги
Изтеглен Не е изгубен Universal Decimal Classification Не е повреден без рестрикции заемане за дома 197590 Регионална библиотека "Любен Каравелов" Русе Регионална библиотека "Любен Каравелов" Русе Заемна - подръчен фонд 1988-01-01 Заемна - подръчен фонд 1.36 533506 П 886.7-1/Б 13 533506 2 0.70 N: стар фонд Дата: 01.01.1988 Книги
  Не е изгубен Universal Decimal Classification Не е повреден без рестрикции заемане за дома 197591 Регионална библиотека "Любен Каравелов" Русе Регионална библиотека "Любен Каравелов" Русе Заемна - подръчен фонд 1988-01-01 Заемна - подръчен фонд 1.36 533507 П 886.7-1/Б 13 120000533507 3 0.70 N: стар фонд Дата: 01.01.1988 Дата инв: 15.02.2018 Бележки инв: П2018 Книги
Vip Innovations Ltd, Rousse, Bulgaria 2025